Central Library OPAC University of Rajshahi

West Indian folk-tales / (Record no. 7691)

MARC details
000 -LEADER
fixed length control field 00755nam a2200241 a 4500
001 - CONTROL NUMBER
control field 7691
003 - CONTROL NUMBER IDENTIFIER
rucl marc code BD-RjUL
005 - DATE AND TIME OF LATEST TRANSACTION
control field 20211208234446.0
008 - FIXED-LENGTH DATA ELEMENTS--GENERAL INFORMATION
fixed length control field 161002s1966 enka j 000 0 eng
035 ## - SYSTEM CONTROL NUMBER
System control number (BD-RjUL)7735
040 ## - CATALOGING SOURCE
Original cataloging agency DLC
Transcribing agency RBN
Modifying agency UKM
-- BD-RjUL
Language of cataloging eng
041 ## - LANGUAGE CODE
Language code of text/sound track or separate title eng
082 ## - DEWEY DECIMAL CLASSIFICATION NUMBER
Classification number 398.2109729
Author mark and year WES 1966
Edition number 23
245 00 - TITLE STATEMENT
Title West Indian folk-tales /
Statement of responsibility, etc. retold by Philip Sherlock ; illustrated by Joan Kiddell-Monroe.
260 ## - PUBLICATION, DISTRIBUTION, ETC. (IMPRINT)
Place of publication, distribution, etc. London :
Name of publisher, distributor, etc. Oxford University Press,
Date of publication, distribution, etc. 1966.
300 ## - PHYSICAL DESCRIPTION
Pagination 151 p. :
Illustrations ill. ;
Size 23 cm.
490 1# - SERIES STATEMENT
Series statement Oxford myths and legends
650 #0 - SUBJECT ADDED ENTRY--TOPICAL TERM
Topical term or geographic name as entry element Tales
Geographic subdivision West Indies.
9 (RLIN) 23982
700 1# - ADDED ENTRY--PERSONAL NAME
Personal name Sherlock, Philip
Personal name Kiddell-Monroe, Joan.
830 #0 - SERIES ADDED ENTRY--UNIFORM TITLE
Uniform title Oxford myths and legends
942 ## - ADDED ENTRY ELEMENTS (KOHA)
Source of classification or shelving scheme Dewey Decimal Classification
Koha item type Books
Holdings
Lost status Source of classification or shelving scheme Damaged status Not for loan Collection code Permanent Location Current Location Date acquired Source of acquisition Cost, normal purchase price Total Checkouts Full call number Date last seen Copy number Koha item type Shelving location
  Dewey Decimal Classification     Fiction Central Library, University of Rajshahi Central Library, University of Rajshahi 15/06/2068 Sweets Zeitlingers 18.60   398.2109729 WES 1966 15/01/2014 C-2 Books  
  Dewey Decimal Classification     Non-fiction Central Library, University of Rajshahi Central Library, University of Rajshahi 15/06/1968 sweit & zeitlinger 18.60   398.2109729 WES 1966 27/09/2016 C-3 Books